000 01439cam a22003015a 4500
001 L146329
002 17445
008 090109s2008 xxk f 001 0 eng d
020 _a9781859462980
035 _a(Sirsi) u146329
041 0 _aeng
050 0 4 _a692.8 $2 18
100 1 _aBirkby, Gillian
245 0 0 _aGood practice guide
_bextensions of time
250 _aRevised ed.
260 _aLondon
_bRIBA Publishing
_c2008
300 _a132p.
_c25cm.
350 _a15
505 2 _aBasic principles -- Liquidated damages -- Grounds for extension of time under the standard forms -- Notification of delay -- Supply of information -- Assessing an extension of time -- Concurrent delays -- Ethical issues -- The NEC provisions for extensions of time -- Glossary -- Table of cases -- Bibliography and websites -- Index
520 _aOffers guidance on the issues of delay, extensions of time and liquidated damages in relation to the standard forms of JCT contracts. Includes a separate chapter on extensions of time in the NEC contracts. Takes into account the law of England and Wales up to February 2008. Contains worked examples, case law, charts and summaries of chapters.
521 _aAdvanced
590 _aKA
651 4 _aEngland and Wales
_y1543-
690 _aBUILT ENVIRONMENT-BUILDING CONTRACT FORMS-STANDARD FORMS OF BUILDING CONTRACT
700 1 _aPonte, Albert
700 1 _aAlderson, Frances
942 _n0
999 _c109122
_d109122